Statistics for Popular Movies by Poster XI

Click here to take the quiz!

General Stats

  • This quiz has been taken 402 times
  • The average score is 10 of 16

Answer Stats

Answer% Correct
Ted
96%
Teenage Mutant Ninja Turtles
90%
Puss in Boots
88%
Space Jam
86%
Bumblebee
76%
Ghost Rider
71%
The Simpson's Movie
71%
Get Out
69%
Freaky Friday
61%
Step Brothers
57%
Marley & Me
47%
Point Break
37%
Cloverfield
35%
Big Momma's House
32%
Pain and Gain
20%
Super Troopers
16%

Score Distribution

Percentile by Number Answered

Percent of People with Each Score

Your Score History

You have not taken this quiz